[Event "C.to Italiano Semifinale"]
[Site "Acqui Terme ITA"]
[Date "2011.07.18"]
[Round "2"]
[White "Sbarra, Marco"]
[Black "Bruno, Fabio"]
[Result "0-1"]
[WhiteElo "2266"]
[BlackElo "2466"]
[PlyCount "65"]
[EventDate "2011.07.17"]

1. d4 e6 2. c4 f5 3. g3 Nf6 4. Bg2 d5 5. Nf3 c6 6. O-O Bd6 7. Nbd2 Nbd7 8. Qc2
Ne4 9. Ne1 O-O 10. Nd3 Qf6 11. Nb3 dxc4 12. Qxc4 Nb6 13. Qc2 Nd5 14. Bf4 Nxf4
15. Nxf4 e5 16. dxe5 Qxe5 17. Rad1 Qe7 18. e3 Bc7 19. Nd4 Bb6 20. g4 g6 21.
gxf5 Bxf5 22. Nxf5 gxf5 23. Kh1 Nc5 24. Rg1 Kh8 25. b4 Nd7 26. Rxd7 Qxd7 27.
Nh5 Rad8 28. Qc3+ Bd4 29. exd4 Qxd4 30. Qxd4+ Rxd4 31. Rb1 Rfd8 32. Bf3 Rd3 33.
Be2 0-1

[Event "C.to Italiano Semifinale"]
[Site "Acqui Terme ITA"]
[Date "2011.07.19"]
[Round "3"]
[White "Altini, Nicola"]
[Black "Marguerettaz, Davy"]
[Result "1/2-1/2"]
[WhiteElo "2267"]
[BlackElo "2160"]
[PlyCount "86"]
[EventDate "2011.07.17"]

1. Nf3 d5 2. c4 e6 3. g3 dxc4 4. Qa4+ Nd7 5. Qxc4 a6 6. Qc2 b5 7. Bg2 Bb7 8.
O-O c5 9. b3 Ngf6 10. Bb2 Be7 11. d3 O-O 12. e3 Rc8 13. Qe2 Qc7 14. Nbd2 Rfd8
15. Rac1 Qb8 16. Rfd1 Nd5 17. d4 Qa8 18. Qf1 Bf6 19. Ne4 Nb4 20. Nxf6+ Nxf6 21.
Ne1 Bxg2 22. Nxg2 cxd4 23. Bxd4 Nxa2 24. Ra1 Nb4 25. Bxf6 gxf6 26. Qe2 Qe4 27.
Nf4 Nd5 28. Qg4+ Kh8 29. Qh4 Qf3 30. Nxd5 Rxd5 31. Rxd5 exd5 32. Qd4 Rc2 33.
Rf1 Kg7 34. Qa1 h5 35. h4 Rc6 36. Qd4 a5 37. Qd3 b4 38. Rd1 d4 39. Qxd4 Rc2 40.
Rf1 Rc3 41. Rb1 Rc2 42. Rf1 Rc3 43. Rb1 Rc2 1/2-1/2

[Event "C.to Italiano Semifinale"]
[Site "Acqui Terme ITA"]
[Date "2011.07.19"]
[Round "3"]
[White "Andreoni, Giuseppe"]
[Black "Malloni, Marcello"]
[Result "1/2-1/2"]
[WhiteElo "2092"]
[BlackElo "2293"]
[PlyCount "92"]
[EventDate "2011.07.17"]

1. e4 e6 2. d4 d5 3. Nd2 Be7 4. Bd3 c5 5. exd5 Qxd5 6. Ngf3 cxd4 7. O-O Nf6 8.
Nb3 e5 9. Qe2 Nc6 10. Bc4 Qd6 11. Bb5 O-O 12. Bxc6 bxc6 13. Qxe5 c5 14. Re1
Qxe5 15. Nxe5 Be6 16. Bg5 Rac8 17. c4 dxc3 18. bxc3 Rfe8 19. Rad1 h6 20. Bh4 g5
21. Bg3 Nd5 22. c4 Nb6 23. Rc1 Bf8 24. f3 f6 25. Nd3 Kf7 26. Bf2 Na4 27. g4
Red8 28. Red1 Kg7 29. Rd2 Rd7 30. Re2 Bf7 31. Nb2 Nb6 32. Nd2 Bg6 33. Nf1 Bd6
34. Bg3 Kf7 35. Bxd6 Rxd6 36. Rce1 Rc7 37. Ng3 Rd4 38. Rc1 Rcd7 39. Kf2 Rf4 40.
Rc3 Rdd4 41. Ra3 Rd7 42. Rc3 Rfd4 43. Nf1 Bb1 44. a3 Bg6 45. Ne3 Kf8 46. Kg3
Rd2 1/2-1/2

[Event "C.to Italiano Semifinale"]
[Site "Acqui Terme ITA"]
[Date "2011.07.19"]
[Round "3"]
[White "Boscolo, Federico"]
[Black "Pegoraro, Nicola"]
[Result "1-0"]
[WhiteElo "2210"]
[BlackElo "2012"]
[PlyCount "57"]
[EventDate "2011.07.17"]

1. e4 c5 2. Nc3 Nc6 3. Nge2 e6 4. d4 cxd4 5. Nxd4 d6 6. Be3 Nf6 7. Be2 Be7 8.
O-O Bd7 9. Nb3 Na5 10. Nd2 Qc7 11. f4 O-O 12. Kh1 Rfd8 13. Rc1 d5 14. e5 Ne4
15. Ncxe4 dxe4 16. Qe1 b5 17. Nxe4 Nc4 18. Bf3 Rac8 19. Bd4 Bc6 20. Qf2 Rd7 21.
b3 Nb6 22. Bb2 Qb7 23. Rfe1 Rcd8 24. Qg3 Kh8 25. f5 Bf8 26. f6 g6 27. Qh4 Rd4
28. Bxd4 Rxd4 29. c3 1-0

[Event "C.to Italiano Semifinale"]
[Site "Acqui Terme ITA"]
[Date "2011.07.19"]
[Round "3"]
[White "Bruno, Fabio"]
[Black "Dvirnyy, Danyyil"]
[Result "1/2-1/2"]
[WhiteElo "2466"]
[BlackElo "2436"]
[PlyCount "41"]
[EventDate "2011.07.17"]

1. d4 Nf6 2. Nf3 g6 3. c3 Bg7 4. Bg5 O-O 5. Nbd2 d5 6. e3 c6 7. Bd3 Bg4 8. Qb3
Bxf3 9. Nxf3 Qb6 10. O-O Nbd7 11. Rfe1 Rfe8 12. e4 dxe4 13. Bxe4 e5 14. Bxf6
Nxf6 15. dxe5 Ng4 16. Re2 Nxe5 17. Rae1 Nxf3+ 18. Bxf3 Rxe2 19. Rxe2 Qxb3 20.
axb3 Kf8 21. Rd2 1/2-1/2

[Event "C.to Italiano Semifinale"]
[Site "Acqui Terme ITA"]
[Date "2011.07.19"]
[Round "3"]
[White "Contin, Daniel"]
[Black "Ferretti, Carlo"]
[Result "1/2-1/2"]
[WhiteElo "2319"]
[BlackElo "1997"]
[PlyCount "81"]
[EventDate "2011.07.17"]

1. c4 c6 2. e4 d5 3. exd5 cxd5 4. d4 Nf6 5. Nc3 Nc6 6. Bg5 e6 7. Nf3 Be7 8. a3
O-O 9. Bd3 dxc4 10. Bxc4 b6 11. O-O Bb7 12. Re1 Na5 13. Ba2 Re8 14. h4 Rc8 15.
Ne5 Bd5 16. Bb1 Nc4 17. Nxd5 Qxd5 18. Bxf6 Bxf6 19. Be4 Qd6 20. Bxh7+ Kxh7 21.
Qh5+ Kg8 22. Qxf7+ Kh7 23. Qg6+ Kg8 24. Qf7+ Kh7 25. Nxc4 Qxd4 26. Ne5 Qxh4 27.
Re3 Re7 28. Qg6+ Kg8 29. Rh3 Qxh3 30. gxh3 Bxe5 31. Re1 Bxb2 32. Rxe6 Rf7 33.
Re4 Rf6 34. Re8+ Rxe8 35. Qxe8+ Kh7 36. Qe4+ Rg6+ 37. Kf1 Bf6 38. h4 Kh6 39. f4
Rg3 40. f5 Kh5 41. a4 1/2-1/2

[Event "C.to Italiano Semifinale"]
[Site "Acqui Terme ITA"]
[Date "2011.07.19"]
[Round "3"]
[White "Di Paolo, Raffaele"]
[Black "Angelini, Marco"]
[Result "0-1"]
[WhiteElo "2312"]
[BlackElo "2185"]
[PlyCount "160"]
[EventDate "2011.07.17"]

1. e4 c5 2. Nf3 d6 3. Bb5+ Bd7 4. a4 Nc6 5. O-O e6 6. Re1 Nf6 7. c3 a6 8. Bf1
Be7 9. d4 cxd4 10. Nxd4 O-O 11. Na3 Rc8 12. Bg5 Qc7 13. Nac2 Rfd8 14. Nxc6 Bxc6
15. Nd4 Be8 16. c4 h6 17. Bh4 Bc6 18. Nxc6 Qxc6 19. Bd3 Re8 20. a5 Qc5 21. Qd2
Qd4 22. Rad1 Qe5 23. Bg3 Qc5 24. b4 Qc6 25. e5 dxe5 26. Bxe5 Red8 27. Qb2 Rd7
28. b5 Qc5 29. bxa6 bxa6 30. Qb6 Rcd8 31. Qxc5 Bxc5 32. Bc2 Rd2 33. Bg3 R8d4
34. Rxd2 Rxd2 35. Bb1 Ng4 36. Rf1 Rb2 37. Be4 Nf6 38. Bf3 Ra2 39. Bc7 Rc2 40.
Bb7 Rxc4 41. Bxa6 Bxf2+ 42. Rxf2 Rxc7 43. Bd3 Rc3 44. Rf3 Kf8 45. a6 Ra3 46.
Bf1 Ra1 47. Rb3 Nd5 48. Kf2 Nc7 49. Rb6 Ke7 50. g3 Kd7 51. Bc4 Ra4 52. Be2 Ra2
53. Kf3 f5 54. Bc4 Ra3+ 55. Ke2 g5 56. Kf2 Ra4 57. Bb3 Ra3 58. Bc4 h5 59. h4
gxh4 60. gxh4 Rh3 61. Bb3 Rxh4 62. a7 Rf4+ 63. Ke2 Re4+ 64. Kd3 Re5 65. Ba4+
Ke7 66. Bb5 Re3+ 67. Kc4 Ra3 68. Rb7 Kd6 69. Rb6+ Ke5 70. Ba6 f4 71. Rc6 f3 72.
Rxc7 Rxa6 73. Kd3 Ra3+ 74. Rc3 Rxa7 75. Ke3 Rf7 76. Kf2 Kd4 77. Ra3 e5 78. Ra4+
Kd5 79. Ra5+ Ke6 80. Ra6+ Ke7 0-1

[Event "C.to Italiano Semifinale"]
[Site "Acqui Terme ITA"]
[Date "2011.07.19"]
[Round "3"]
[White "Di Trapani, Davide"]
[Black "Sbarra, Marco"]
[Result "1/2-1/2"]
[WhiteElo "2067"]
[BlackElo "2266"]
[PlyCount "96"]
[EventDate "2011.07.17"]

1. e4 e5 2. Nf3 Nc6 3. d4 exd4 4. Nxd4 Nf6 5. Nxc6 bxc6 6. e5 Qe7 7. Qe2 Nd5 8.
c4 Ba6 9. Nd2 g6 10. Nf3 Bg7 11. Bg5 f6 12. exf6 Qxe2+ 13. Bxe2 Nxf6 14. O-O-O
Rb8 15. b3 c5 16. Rhe1 d6 17. Nd2 Kf7 18. Bf3 h6 19. Bh4 Bc8 20. Ne4 g5 21. Bg3
Nxe4 22. Bh5+ Kf6 23. Rxe4 Bb7 24. Re2 Bxg2 25. Rde1 Kf5 26. f3 Bh3 27. Re7 Bf6
28. Rxc7 Rhd8 29. Bxd6 Rbc8 30. Rxc8 Rxc8 31. Bf7 Rc6 32. Bb8 Bd4 33. Be8 Rb6
34. Bxa7 Rb7 35. Bb8 Rxb8 36. Bd7+ Kf4 37. Bxh3 Kxf3 38. Be6 h5 39. Bd5+ Kg4
40. Kc2 Rf8 41. Re2 Rf2 42. Rxf2 Bxf2 43. Be6+ Kf4 44. h3 g4 45. hxg4 hxg4 46.
a3 Be1 47. Kd3 g3 48. Bd5 Ba5 1/2-1/2

[Event "C.to Italiano Semifinale"]
[Site "Acqui Terme ITA"]
[Date "2011.07.19"]
[Round "3"]
[White "Formento, Paolo"]
[Black "Bentivegna, Francesco"]
[Result "0-1"]
[WhiteElo "2024"]
[BlackElo "2330"]
[PlyCount "52"]
[EventDate "2011.07.17"]

1. e4 e6 2. d4 d5 3. exd5 exd5 4. Nf3 Nc6 5. c3 Bd6 6. Bd3 Nge7 7. O-O Bg4 8.
Be2 O-O 9. Bg5 f6 10. Be3 Qd7 11. Ne1 Bxe2 12. Qxe2 Rae8 13. Nc2 Nd8 14. Nd2 c6
15. Rae1 Qf5 16. Nb4 Qg6 17. Qd3 Qh5 18. f4 Nf5 19. g3 Bxb4 20. cxb4 Nf7 21.
Bf2 N7d6 22. Rxe8 Rxe8 23. Re1 Rxe1+ 24. Bxe1 Qd1 25. Kf1 Nc4 26. Qe2 Nce3+ 0-1

[Event "C.to Italiano Semifinale"]
[Site "Acqui Terme ITA"]
[Date "2011.07.19"]
[Round "3"]
[White "Genocchio, Daniele"]
[Black "Caprio, Guido"]
[Result "1/2-1/2"]
[WhiteElo "2446"]
[BlackElo "2312"]
[PlyCount "41"]
[EventDate "2011.07.17"]

1. e4 c5 2. Nf3 d6 3. Bc4 Nc6 4. O-O Nf6 5. d3 a6 6. a3 Bg4 7. Nbd2 e6 8. h3
Bh5 9. Qe1 Be7 10. Ba2 d5 11. c3 Bg6 12. Nh4 dxe4 13. Nxg6 hxg6 14. dxe4 Ne5
15. Qe2 Qd3 16. Bc4 Qxe2 17. Bxe2 O-O-O 18. Nf3 Nxf3+ 19. Bxf3 Nd7 20. Bf4 g5
21. Be3 1/2-1/2

[Event "C.to Italiano Semifinale"]
[Site "Acqui Terme ITA"]
[Date "2011.07.19"]
[Round "3"]
[White "Iudicello, Massimo"]
[Black "Piscopo, Pierluigi"]
[Result "0-1"]
[WhiteElo "2179"]
[BlackElo "2397"]
[PlyCount "58"]
[EventDate "2011.07.17"]

1. e4 c5 2. Nf3 Nc6 3. d4 cxd4 4. Nxd4 e5 5. Nb5 d6 6. N1c3 a6 7. Na3 Be7 8.
Be3 Nf6 9. Nc4 O-O 10. Bb6 Qd7 11. f3 Rb8 12. Qd2 Bd8 13. O-O-O Bxb6 14. Nxb6
Qc7 15. Nxc8 Rbxc8 16. Qxd6 Qa5 17. Qa3 Qxa3 18. bxa3 Nd4 19. Kb2 Rc6 20. Rd3
Rfc8 21. g3 g5 22. Bh3 R8c7 23. Re1 Ne8 24. Rde3 Rb6+ 25. Kc1 Rh6 26. Bg2 Rxh2
27. Rg1 Rxc3 28. Rxc3 Ne2+ 29. Kb2 Nxg1 0-1

[Event "C.to Italiano Semifinale"]
[Site "Acqui Terme ITA"]
[Date "2011.07.19"]
[Round "3"]
[White "Martorelli, Antonio"]
[Black "Pepino, Enrico"]
[Result "1-0"]
[WhiteElo "2224"]
[BlackElo "2209"]
[PlyCount "61"]
[EventDate "2011.07.17"]

1. e4 d6 2. d4 Nf6 3. Nc3 g6 4. Be3 c6 5. h3 Bg7 6. f4 Qa5 7. Bd3 d5 8. e5 Ne4
9. Nge2 Nxc3 10. bxc3 b6 11. O-O e6 12. g4 c5 13. c4 Bb7 14. Bd2 Qa4 15. cxd5
Bxd5 16. dxc5 bxc5 17. c4 Qxd1 18. Rfxd1 Bc6 19. Be3 Nd7 20. Ng3 O-O-O 21. Be4
Bxe4 22. Nxe4 Kc7 23. Rd6 f6 24. Rad1 fxe5 25. Ng5 Rhe8 26. Nxe6+ Rxe6 27. Rxe6
exf4 28. Bxf4+ Kb7 29. Rb1+ Ka8 30. Rd6 Bd4+ 31. Kg2 1-0

[Event "C.to Italiano Semifinale"]
[Site "Acqui Terme ITA"]
[Date "2011.07.19"]
[Round "3"]
[White "Mogranzini, Roberto"]
[Black "Rombaldoni, Denis"]
[Result "1/2-1/2"]
[WhiteElo "2433"]
[BlackElo "2495"]
[PlyCount "117"]
[EventDate "2011.07.17"]

1. c4 e5 2. g3 Nf6 3. Bg2 d5 4. cxd5 Nxd5 5. Nc3 Nb6 6. Nf3 Nc6 7. O-O Be7 8.
a3 O-O 9. b4 Be6 10. Rb1 f6 11. d3 Nd4 12. Nd2 c6 13. Nde4 Bf7 14. Nc5 Qc7 15.
e3 Ne6 16. N3e4 Nxc5 17. Nxc5 a5 18. Bd2 axb4 19. axb4 Ra2 20. Bh3 Bxc5 21.
bxc5 Nd7 22. d4 Rfa8 23. Bc3 exd4 24. exd4 Re8 25. Re1 Rxe1+ 26. Qxe1 Nf8 27.
Bd2 Ng6 28. Bg4 Ra6 29. h4 b5 30. cxb6 Rxb6 31. Ra1 Qb7 32. h5 Ne7 33. h6 Nd5
34. hxg7 Kxg7 35. Qc1 h5 36. Bh6+ Kg8 37. Bf5 Ne7 38. Bc2 Bg6 39. Bxg6 Nxg6 40.
Be3 Rb5 41. Qc4+ Rd5 42. Qc2 Kg7 43. Rc1 h4 44. Qxc6 Qxc6 45. Rxc6 hxg3 46.
Rc7+ Kf8 47. fxg3 Ne7 48. Kg2 Nf5 49. Kf3 Nxd4+ 50. Ke4 Ne6 51. Rc8+ Rd8 52.
Rxd8+ Nxd8 53. Kf5 Kf7 54. Bd4 Nb7 55. Bxf6 Nd6+ 56. Ke5 Nc4+ 57. Kd4 Kxf6 58.
Kxc4 Kg5 59. g4 1/2-1/2

[Event "C.to Italiano Semifinale"]
[Site "Acqui Terme ITA"]
[Date "2011.07.19"]
[Round "3"]
[White "Molina, Fabrizio"]
[Black "Melone, Antonio"]
[Result "1-0"]
[WhiteElo "2256"]
[BlackElo "2046"]
[PlyCount "51"]
[EventDate "2011.07.17"]

1. Nf3 Nf6 2. c4 e6 3. g3 d5 4. Bg2 c6 5. O-O Bd6 6. d4 Nbd7 7. Qc2 O-O 8. Nbd2
Qc7 9. e4 dxe4 10. Nxe4 Nxe4 11. Qxe4 Nf6 12. Qc2 h6 13. Bd2 a5 14. Rfe1 b6 15.
c5 bxc5 16. dxc5 Be7 17. Bf4 Qa7 18. Bd6 Bxd6 19. cxd6 Nd5 20. Ne5 c5 21. Rac1
c4 22. Qxc4 Ba6 23. Qc5 Qb7 24. b3 a4 25. Nc6 Rac8 26. Bxd5 1-0

[Event "C.to Italiano Semifinale"]
[Site "Acqui Terme ITA"]
[Date "2011.07.19"]
[Round "3"]
[White "Sedina, Elena"]
[Black "Rombaldoni, Axel"]
[Result "0-1"]
[WhiteElo "2339"]
[BlackElo "2459"]
[PlyCount "130"]
[EventDate "2011.07.17"]

1. e4 c5 2. Nf3 Nc6 3. Bb5 e6 4. O-O Nge7 5. Nc3 a6 6. Bxc6 Nxc6 7. d4 cxd4 8.
Nxd4 Qc7 9. Nxc6 bxc6 10. f4 d5 11. f5 Qa7+ 12. Kh1 d4 13. fxe6 Bxe6 14. Ne2
Bg4 15. h3 Bxe2 16. Qxe2 Bc5 17. Qc4 O-O 18. b4 Bb6 19. Bb2 Rfe8 20. a4 Qd7 21.
a5 Ba7 22. Rae1 Rab8 23. e5 Rb5 24. Bc1 Qe6 25. Qd3 Rxb4 26. Qxa6 Bb8 27. Qd3
c5 28. Bd2 Ra4 29. c3 Ra3 30. Qb5 dxc3 31. Bc1 Ra2 32. Qxc5 Rc8 33. Qb5 Bc7 34.
Rf3 Rxa5 35. Qb7 Rc5 36. Ba3 Rc4 37. Ref1 Rd8 38. Bd6 c2 39. Qb2 Bxd6 40. exd6
f6 41. Rc3 Qe2 42. Kg1 Rxc3 43. Qxc3 Rxd6 44. Qc8+ Kf7 45. Qc7+ Ke6 46. Qc8+
Ke7 47. Qb7+ Rd7 48. Qb4+ Kf7 49. Qb3+ Kf8 50. Qb8+ Qe8 51. Qb3 Rc7 52. Rc1 Qc6
53. Qd3 g6 54. Kh1 Kg7 55. Qe2 Qc3 56. Kg1 h6 57. Kh1 h5 58. Kg1 Kf7 59. Kh1
Qc5 60. Qd2 Kg7 61. Kh2 Qf5 62. Kg1 g5 63. Qe2 g4 64. hxg4 hxg4 65. Qd2 Kg6 0-1

[Event "C.to Italiano Semifinale"]
[Site "Acqui Terme ITA"]
[Date "2011.07.19"]
[Round "4"]
[White "Angelini, Marco"]
[Black "Sedina, Elena"]
[Result "1/2-1/2"]
[WhiteElo "2185"]
[BlackElo "2339"]
[PlyCount "45"]
[EventDate "2011.07.17"]

1. e4 Nf6 2. e5 Nd5 3. d4 d6 4. Nf3 dxe5 5. Nxe5 c6 6. Nc3 Nxc3 7. bxc3 Nd7 8.
Bf4 Nxe5 9. Bxe5 Qd5 10. c4 Qa5+ 11. Qd2 Qxd2+ 12. Kxd2 Bf5 13. Bd3 Bxd3 14.
Kxd3 O-O-O 15. Kc3 e6 16. Rad1 f6 17. Bg3 Bd6 18. Bxd6 Rxd6 19. Rd3 Rhd8 20.
Rhd1 b6 21. a4 Kc7 22. f4 a6 23. g3 1/2-1/2

[Event "C.to Italiano Semifinale"]
[Site "Acqui Terme ITA"]
[Date "2011.07.19"]
[Round "4"]
[White "Basso, Pier Luigi"]
[Black "Molina, Fabrizio"]
[Result "0-1"]
[WhiteElo "2045"]
[BlackElo "2256"]
[PlyCount "62"]
[EventDate "2011.07.17"]

1. e4 d6 2. d4 Nf6 3. Nc3 Nbd7 4. Be3 e5 5. dxe5 dxe5 6. f3 c6 7. Qd2 Be7 8. g4
O-O 9. h4 Bc5 10. O-O-O Bxe3 11. Qxe3 Qb6 12. Qxb6 axb6 13. g5 Nh5 14. Bh3 Nc5
15. Bxc8 Rfxc8 16. Nge2 Kf8 17. Kd2 b5 18. a3 Ke7 19. Ke3 Ne6 20. Kf2 g6 21.
Rd2 Rd8 22. Rhd1 Rxd2 23. Rxd2 Rh8 24. a4 bxa4 25. Nxa4 b5 26. Nac3 h6 27. gxh6
Rxh6 28. Rd1 Nhf4 29. Rh1 g5 30. Kg3 b4 31. Ra1 gxh4+ 0-1

[Event "C.to Italiano Semifinale"]
[Site "Acqui Terme ITA"]
[Date "2011.07.19"]
[Round "4"]
[White "Bentivegna, Francesco"]
[Black "Genocchio, Daniele"]
[Result "1-0"]
[WhiteElo "2330"]
[BlackElo "2446"]
[PlyCount "95"]
[EventDate "2011.07.17"]

1. e4 e5 2. Nf3 Nc6 3. Nc3 Nf6 4. Bb5 Bb4 5. O-O Bxc3 6. bxc3 O-O 7. d3 d6 8.
Bg5 h6 9. Bh4 Qe7 10. Re1 Nd8 11. d4 Ne6 12. Bg3 Ng5 13. Nxg5 hxg5 14. Bd3 g6
15. f3 Nh5 16. Bf2 Nf4 17. Bf1 f6 18. Be3 Kg7 19. Qd2 Bd7 20. Rab1 b6 21. h4
Rh8 22. g3 Nh5 23. hxg5 Nxg3 24. Bg2 Nh5 25. gxf6+ Nxf6 26. Bg5 Rh5 27. f4 Rf8
28. dxe5 dxe5 29. fxe5 Qc5+ 30. Qd4 Rxg5 31. Qxc5 bxc5 32. exf6+ Rxf6 33. Re3
Rb6 34. Rxb6 axb6 35. Kf2 Bc6 36. Bf3 Kf6 37. e5+ Rxe5 38. Bxc6 Rxe3 39. Kxe3
Ke5 40. Kd3 g5 41. Kc4 Kf4 42. Kb5 Ke3 43. c4 Kd4 44. a4 g4 45. Bd5 Kc3 46. Kc6
Kb4 47. Kxc7 Ka5 48. Kb7 1-0

[Event "C.to Italiano Semifinale"]
[Site "Acqui Terme ITA"]
[Date "2011.07.19"]
[Round "4"]
[White "Calavalle, Giulio"]
[Black "Altini, Nicola"]
[Result "1/2-1/2"]
[WhiteElo "2239"]
[BlackElo "2267"]
[PlyCount "82"]
[EventDate "2011.07.17"]

1. e4 c5 2. Nc3 Nc6 3. g3 g6 4. d3 Bg7 5. Bg2 d6 6. Nge2 e5 7. O-O Nge7 8. Rb1
O-O 9. a3 Be6 10. Nd5 Bxd5 11. exd5 Nd4 12. Nxd4 cxd4 13. c4 dxc3 14. bxc3 b6
15. c4 Nf5 16. Bb2 Nd4 17. Bxd4 exd4 18. Bh3 a6 19. a4 Qc7 20. Qb3 Rab8 21.
Rfe1 Rb7 22. Re2 Rfb8 23. Qa3 Bf8 24. Reb2 Kg7 25. Rb3 Kg8 26. Kg2 Be7 27. Qb2
Qc5 28. Qd2 b5 29. Qb4 Qc7 30. cxb5 axb5 31. Qxd4 bxa4 32. Qxa4 Rxb3 33. Rxb3
Rxb3 34. Qxb3 Kg7 35. Qc4 Qxc4 36. dxc4 Bd8 37. f4 Bb6 38. g4 Bc5 39. Kf3 Kf6
40. g5+ Kg7 41. f5 f6 1/2-1/2

[Event "C.to Italiano Semifinale"]
[Site "Acqui Terme ITA"]
[Date "2011.07.19"]
[Round "4"]
[White "Di Trapani, Davide"]
[Black "Parrella, Alfredo"]
[Result "0-1"]
[WhiteElo "2067"]
[BlackElo "2110"]
[PlyCount "138"]
[EventDate "2011.07.17"]

1. e4 e5 2. Nf3 Nc6 3. d4 exd4 4. Nxd4 Qf6 5. Nxc6 Bc5 6. Qd2 dxc6 7. Nc3 Be6
8. Na4 Bf8 9. Bd3 Qd4 10. Nc3 g6 11. Ne2 Qf6 12. O-O Bg7 13. f4 Qe7 14. Kh1 Bd7
15. Nc3 Nf6 16. b3 Ng4 17. Bb2 O-O 18. Rae1 Rad8 19. Re2 Qh4 20. g3 Qe7 21. Qe1
f6 22. h3 Nh6 23. Kh2 Bc8 24. Nd1 b6 25. Nf2 Rfe8 26. Re3 Kh8 27. g4 Nf7 28.
Qc3 Qd6 29. e5 fxe5 30. Ne4 Qd4 31. Qxd4 exd4 32. Ref3 c5 33. R3f2 Bb7 34. Ng3
Nd6 35. f5 gxf5 36. gxf5 Bf6 37. Bc1 Ne4 38. Bxe4 Bxe4 39. Bf4 c6 40. Re2 Bd5
41. Rfe1 Rxe2+ 42. Rxe2 c4 43. bxc4 Bxc4 44. Rg2 Re8 45. Kg1 Bd5 46. Rf2 Bxa2
47. Nh5 Bh4 48. Rd2 Bd5 49. Ng3 Bf6 50. Nh5 Re1+ 51. Kf2 Bh4+ 52. Ng3 Re4 53.
Rxd4 Rxd4 54. Be5+ Kg8 55. Bxd4 Be4 56. c3 Bxf5 57. Kg2 Bg6 58. Ne2 Be4+ 59.
Kg1 Kf7 60. Nc1 Ke6 61. Kf1 Bf5 62. Kg2 c5 63. Be3 a5 64. Kf3 Bxh3 65. Nd3 Bf1
66. Nb2 Bb5 67. Ke4 a4 68. Nd3 Bc6+ 69. Kf4 Bf6 0-1

[Event "C.to Italiano Semifinale"]
[Site "Acqui Terme ITA"]
[Date "2011.07.19"]
[Round "4"]
[White "Dvirnyy, Danyyil"]
[Black "Mogranzini, Roberto"]
[Result "1/2-1/2"]
[WhiteElo "2436"]
[BlackElo "2433"]
[PlyCount "22"]
[EventDate "2011.07.17"]

1. d4 d5 2. c4 c6 3. cxd5 cxd5 4. Nc3 Nf6 5. Nf3 Nc6 6. Bf4 a6 7. e3 Bf5 8. Bd3
Bxd3 9. Qxd3 e6 10. O-O Bd6 11. Bxd6 Qxd6 1/2-1/2

[Event "C.to Italiano Semifinale"]
[Site "Acqui Terme ITA"]
[Date "2011.07.19"]
[Round "4"]
[White "Ferretti, Carlo"]
[Black "Martorelli, Antonio"]
[Result "0-1"]
[WhiteElo "1997"]
[BlackElo "2224"]
[PlyCount "92"]
[EventDate "2011.07.17"]

1. d4 Nf6 2. Bg5 e6 3. e4 c5 4. e5 h6 5. Bc1 Nh7 6. d5 exd5 7. Qxd5 Nc6 8. Nf3
d6 9. Bb5 dxe5 10. Qxd8+ Kxd8 11. Bxc6 bxc6 12. Nxe5 Be6 13. O-O Kc7 14. Bf4
Kb7 15. Rd1 Nf6 16. c4 g5 17. Be3 Ng4 18. Nxf7 Bg7 19. Nxh8 Nxe3 20. fxe3 Bxb2
21. Nd2 Bxa1 22. Rxa1 Rxh8 23. Kf2 Rd8 24. Ke2 Bg4+ 25. Nf3 Kc7 26. Rd1 Rb8 27.
h3 Be6 28. Ne5 Rb2+ 29. Rd2 Rxd2+ 30. Kxd2 Kd6 31. Ng4 Bxc4 32. a3 Bf1 33. Nxh6
Ke6 34. Ng4 Bxg2 35. Nf2 Kf5 36. Kc3 Bf1 37. a4 a5 38. Kb3 Kg6 39. Kc3 Kh5 40.
Kb3 Kh4 41. e4 Kg3 42. Ng4 Bxh3 43. Nf6 Kf4 44. Kc4 Ke5 45. Nh5 Bg4 46. Ng3 Kf4
0-1

[Event "C.to Italiano Semifinale"]
[Site "Acqui Terme ITA"]
[Date "2011.07.19"]
[Round "4"]
[White "Malloni, Marcello"]
[Black "Lantini, Marco"]
[Result "1-0"]
[WhiteElo "2293"]
[BlackElo "2155"]
[PlyCount "123"]
[EventDate "2011.07.17"]

1. e4 e5 2. Nc3 Nf6 3. Bc4 Nxe4 4. Qh5 Nd6 5. Bb3 Be7 6. Qxe5 O-O 7. d3 Re8 8.
Nge2 Bf8 9. Qf4 Na6 10. Be3 Qe7 11. d4 c6 12. O-O Nc7 13. Ng3 Ne6 14. Qg4 b6
15. Rfe1 Qf6 16. h4 Bb7 17. d5 cxd5 18. Nxd5 Qg6 19. Qd1 Bxd5 20. Bxd5 Rac8 21.
c3 Kh8 22. h5 Qf6 23. Qg4 h6 24. Rad1 Nc5 25. Rd4 Ne6 26. Rd2 Qe5 27. Rdd1 f5
28. Qf3 Qf6 29. Ne2 Nc4 30. Bc1 Ne5 31. Qg3 Bd6 32. Bxe6 Rxe6 33. Bf4 Nf7 34.
Nd4 Rxe1+ 35. Rxe1 Bc5 36. Nf3 Bf8 37. Qg6 Qxg6 38. hxg6 Nd6 39. Nd4 Kg8 40.
Bxd6 Bxd6 41. Nxf5 Bf8 42. g4 Rc6 43. Nh4 Rc4 44. f3 h5 45. Re4 Rxe4 46. fxe4
hxg4 47. Nf5 Bc5+ 48. Kg2 Kf8 49. Kg3 Be7 50. Kxg4 a5 51. a4 Bd8 52. Kf4 Bc7+
53. e5 Bd8 54. Ke4 Bg5 55. Kd5 Bc1 56. Kd6 Bf4 57. b4 axb4 58. cxb4 Bd2 59.
Kxd7 Bxb4 60. e6 b5 61. axb5 Bc5 62. b6 1-0

[Event "C.to Italiano Semifinale"]
[Site "Acqui Terme ITA"]
[Date "2011.07.19"]
[Round "4"]
[White "Marguerettaz, Davy"]
[Black "Contin, Daniel"]
[Result "0-1"]
[WhiteElo "2160"]
[BlackElo "2319"]
[PlyCount "56"]
[EventDate "2011.07.17"]

1. e4 e6 2. d3 c5 3. g3 Nc6 4. Bg2 g6 5. f4 d6 6. Nf3 Bg7 7. c3 Nge7 8. O-O O-O
9. Be3 f5 10. Nbd2 b6 11. d4 fxe4 12. Nxe4 d5 13. Neg5 h6 14. Nh3 Nf5 15. Bf2
cxd4 16. cxd4 Qd7 17. Kh1 Ba6 18. Re1 Nb4 19. Ne5 Bxe5 20. fxe5 Rac8 21. Qg4 g5
22. Bf1 Bxf1 23. Rxf1 Nc2 24. Rac1 Nfe3 25. Qe2 Nxf1 26. Rxc2 Rxc2 27. Qxc2 Qh7
28. Qxh7+ Kxh7 0-1

[Event "C.to Italiano Semifinale"]
[Site "Acqui Terme ITA"]
[Date "2011.07.19"]
[Round "4"]
[White "Pepino, Enrico"]
[Black "Formento, Paolo"]
[Result "0-1"]
[WhiteElo "2209"]
[BlackElo "2024"]
[PlyCount "94"]
[EventDate "2011.07.17"]

1. e4 e6 2. d4 d5 3. Nd2 Nf6 4. e5 Nfd7 5. Bd3 c5 6. c3 Nc6 7. Ngf3 Be7 8. O-O
g5 9. dxc5 Ndxe5 10. Bb5 O-O 11. Re1 Ng6 12. Nf1 h6 13. Qa4 Bd7 14. h4 Kg7 15.
hxg5 hxg5 16. Ng3 Rh8 17. Be3 f5 18. Bd4+ Bf6 19. Bxc6 bxc6 20. Nf1 Rh6 21.
Bxf6+ Qxf6 22. N3d2 g4 23. f4 Qh4 24. g3 Qh1+ 25. Kf2 Rh2+ 26. Ke3 Qg1+ 27. Kd3
Rg2 28. Qd4+ Qxd4+ 29. cxd4 Rb8 30. b3 Bc8 31. Kc3 a5 32. Rab1 Ba6 33. Rxe6 Rc8
34. a4 Kf7 35. Re3 Rh8 36. b4 axb4+ 37. Rxb4 Rf2 38. Rb1 Rh1 39. Ree1 Nf8 40.
Ne3 Rh3 41. Rb6 Be2 42. Rg1 Ne6 43. a5 Nxf4 44. a6 Bxa6 45. Ra1 Rxg3 46. Raxa6
Rxe3+ 47. Kc2 Rd3 0-1

[Event "C.to Italiano Semifinale"]
[Site "Acqui Terme ITA"]
[Date "2011.07.19"]
[Round "4"]
[White "Piscopo, Pierluigi"]
[Black "Boscolo, Federico"]
[Result "1/2-1/2"]
[WhiteElo "2397"]
[BlackElo "2210"]
[PlyCount "37"]
[EventDate "2011.07.17"]

1. e4 c5 2. Nf3 d6 3. d4 cxd4 4. Nxd4 Nf6 5. Nc3 g6 6. Bc4 Bg7 7. O-O O-O 8.
Re1 Nc6 9. Bg5 Bd7 10. Qd2 Ne5 11. Bb3 Rc8 12. Rad1 Re8 13. h3 Nc4 14. Bxc4
Rxc4 15. e5 dxe5 16. Nf3 Rc7 17. Nxe5 Qc8 18. Bxf6 exf6 19. Nxd7 1/2-1/2

[Event "C.to Italiano Semifinale"]
[Site "Acqui Terme ITA"]
[Date "2011.07.19"]
[Round "4"]
[White "Rombaldoni, Axel"]
[Black "Bruno, Fabio"]
[Result "1/2-1/2"]
[WhiteElo "2459"]
[BlackElo "2466"]
[PlyCount "57"]
[EventDate "2011.07.17"]

1. e4 c5 2. Nf3 e6 3. d4 cxd4 4. Nxd4 Nf6 5. Nc3 d6 6. g4 h6 7. Bg2 a6 8. h3
Qc7 9. Be3 Nbd7 10. Qe2 Rb8 11. a4 b6 12. O-O Bb7 13. Rad1 Be7 14. f4 g6 15. f5
gxf5 16. exf5 Bxg2 17. Qxg2 e5 18. Nc6 Rc8 19. Nb4 Qc4 20. Nbd5 b5 21. axb5
axb5 22. b3 Qc6 23. Ra1 Bd8 24. b4 Nxd5 25. Nxd5 Nf6 26. Rfd1 Nxd5 27. Qxd5
Qxd5 28. Rxd5 Bg5 29. Bf2 1/2-1/2